Phụ nữ với truyền thông /

Uloženo v:
Podrobná bibliografie
Hlavní autor: Gallagher, Margaret.
Médium: Článek
Jazyk:Vietnamese
Témata:
Tagy: Přidat tag
Žádné tagy, Buďte první, kdo otaguje tento záznam!
Thư viện lưu trữ: Thư viện Trường Đại học Đà Lạt
LEADER 00721nam a2200253 4500
001 DLU090099530
005 ##20091202
040 # # |a DLU  |b vie 
041 # # |a vie 
044 # # |a vn 
100 # # |a Gallagher, Margaret. 
245 # # |a Phụ nữ với truyền thông /  |c Margaret Gallagher. 
653 # # |a Phụ nữ 
653 # # |a Truyền thông đại chúng 
773 # # |t Nghiên cứu gia đình và giới  |g Số 3(70), 2005, tr. 50-54 
920 # # |a Phòng Tạp chí -- Trung tâm Thông tin - Thư viện Trường Đại học Đà Lạt 
994 # # |a DLU 
900 # # |a True 
911 # # |a Đào Thị Thu Huyền 
925 # # |a G 
926 # # |a A 
927 # # |a BB 
980 # # |a Thư viện Trường Đại học Đà Lạt